| 000 | 00544nam a22001575i 4500 | ||
|---|---|---|---|
| 001 | 156408 | ||
| 003 | ES-MaACL | ||
| 005 | 20230906210412.0 | ||
| 008 | 940301s1899 sp |||| | spa d | ||
| 040 |
_aAS _bspa |
||
| 100 | 1 |
_aJordán de Urríes y Azara, José ( _d1868-1932) _966921 |
|
| 245 | 1 | 0 |
_aBiografia y estudio crítico de Jauregui / _cpor José Jordán de Urries y Azara. |
| 260 |
_aMadrid : _b[s.n.], _c1899 ( _fEst. tipográfico Sucesores de Rivadeneyra) |
||
| 300 |
_a273 p. ; _c26 cm. |
||
| 852 |
_aES-MaACL _jF-3055 _z-- Enc. hol. |
||
| 999 |
_c156408 _d156408 |
||